| 000 | 01037cam a22002054a 4500 | ||
|---|---|---|---|
| 005 | 20250724134459.0 | ||
| 008 | 250528s ||||||||||||||||||||||||d | ||
| 035 | _a16864 | ||
| 020 | _a132393085 | ||
| 040 |
_aGR-AtMCL _bgre _dGR-AtMCL _eAACR2 |
||
| 245 | 1 | _aAutomated Network Management Systems / Current and Future Capabilities | |
| 250 | _a1st | ||
| 260 |
_bPearson - Prentice Hall, _c2007 |
||
| 300 | _a350 | ||
| 520 | _aThe writer identifies the properties of a comprehensive automated management system. Preface, The Network Management Challenge, Basics and Definitions, Configuration and Operation, Fault and Correction, Accounting and Billing, Security, Tools and Platforms, Management Tools and Technologies, Flow Data and Flow Analysis (NetFlow), Management Scripting, The future of Network Management, Architectures for Network Management Software, Design Tradeoffs, Open Questions and Research Problems, Bibliography, Index. | ||
| 700 | 1 |
_aComer, Douglas E. _92949 |
|
| 942 | _cBK | ||
| 999 |
_c2316 _d2316 |
||